000 00934nam a2200217 a 4500
005 20170426091929.0
008 170426s2012 bo a||||r|||| 00| 0 spa d
040 _aCO-BoIAVH
_cCO-BoIAVH
041 0 _aspa
044 _abo
082 0 4 _a595.789
_bG89i
245 0 0 _aGuía ilustrada :
_bMariposas diurnas comunes del municipio de Coroico. Parte I y Saturniidae y Sphingidae de los Yungas de La Paz. Parte II /
_cMinisterio del Medio Ambiente y del Agua
260 _aLa Paz (Bolivia) :
_bMinisterio del Medio Ambiente y del Agua,
_c2012.
300 _a126 páginas :
_bilustraciones a color ;
_c20 x 21 cm.
504 _aIncluye referencias bibliográficas: páginas 121-126.
650 2 4 _aMariposas
_zBolivia
_vGuía
650 2 6 _aLepidoptera
_zBolivia
_vGuía
650 2 6 _aLepidoptera
_xTaxonomía
_zBolivia
_vGuía
710 1 _aBolivia.
_bMinisterio de Medio Ambiente y Agua
942 _2ddc
_cLIBRO
999 _c19472
_d19472